Statistics for Biblical People Whose Names Begin with A

Click here to take the quiz!

General Stats

  • This quiz has been taken 775 times
  • The average score is 8 of 20

Answer Stats

HintAnswer% Correct
First manAdam
97%
First murder victimAbel
94%
Eloquent brother of MosesAaron
93%
Father of Isaac and IshmaelAbraham
92%
Brother of Peter and first disciple of JesusAndrew
73%
Fiery furnace escapeeAbednego
60%
Wife of Nabal, later wife of DavidAbigail
54%
Avenger of his sister TamarAbsalom
47%
Prophetess and daughter of PenuelAnna
41%
Ruler who ordered a census of the Roman worldAugustus
38%
Prophet during the reign of Jeroboam, son of JoashAmos
32%
Husband of Priscilla who accompanied Paul to SyriaAquila
30%
Instructed by Jesus in a vision to heal Saul's blindnessAnanias
26%
Defiler of his sister TamarAmnon
12%
Brother of Solomon and rival for successionAdonijah
11%
Servant to David in his old ageAbishag
9%
First wife of EsauAdah
7%
Paul's fellow prisoner and laborerAristarchus
3%
Paralytic healed by JesusAeneas
2%
Persian king who employed NehemiahAtaxerxes
2%

Score Distribution

Percentile by Number Answered

Percent of People with Each Score

Your Score History

You have not taken this quiz